000 00454nam a22001697a 4500
005 20251108165917.0
008 250721s1983 xx 000 0 ara d
082 1 4 _aق/موب
100 1 _aموباسان، غي
245 1 0 _aالآنسه فيفي /
264 1 _aبيروت :
_bعويدات،
_c1983.
300 _a239ص :
650 1 7 _aالأدب القصصي
700 1 _aخواجا، أحمد
_eترجمة
942 _2ddc
_cBK
999 _c34562
_d34562